000 00658cam a2200217 i 4500
001 4625456
005 20180216094705.0
008 780613t19781977nyu b 001 0 eng
010 _a 77608292
020 _a0312796439
040 _aDLC
_cDLC
_dDLC
041 _aeng
080 _a801.95/0904 els
082 0 0 _a801.95/0904 els
100 1 _a22
101 _apol
245 1 0 _aTheories of literature in the twentieth century :
_cD. W. Fokkema, Elrud Kunne-Ibsch.
504 _aBibliography: p. 195-214.
906 _a7
_bcbc
_corignew
_d2
_encip
_f19
_gy-gencatlg
942 _2ddc
_cBK
999 _c42850
_d42850